A textbook of community nursing (Record no. 17492)

MARC details
000 -LEADER
fixed length control field 00392nam a22001217a 4500
008 - FIXED-LENGTH DATA ELEMENTS--GENERAL INFORMATION
fixed length control field 190227b xxu||||| |||| 00| 0 eng d
050 ## - LIBRARY OF CONGRESS CALL NUMBER
Classification number RT98
Item number .T498 2012 c.1
245 ## - TITLE STATEMENT
Title A textbook of community nursing
Statement of responsibility, etc. edited by Sue Chilto, Hearther Bain, Ann Clarridge & Karen Melling
260 ## - PUBLICATION, DISTRIBUTION, ETC. (IMPRINT)
Place of publication, distribution, etc. London
Name of publisher, distributor, etc. CRC press
Date of publication, distribution, etc. 2012
300 ## - PHYSICAL DESCRIPTION
Extent xi, 303p.
650 ## - SUBJECT ADDED ENTRY--TOPICAL TERM
Topical term or geographic name as entry element Community Health Nursing
942 ## - ADDED ENTRY ELEMENTS (KOHA)
Source of classification or shelving scheme Library of Congress Classification
Koha item type General Collection
Holdings
Withdrawn status Lost status Source of classification or shelving scheme Not for loan Home library Current library Date acquired Cost, normal purchase price Total Checkouts Full call number Barcode Date last seen Date last checked out Price effective from Koha item type
    Library of Congress Classification   Kabarak, Main Campus Kabarak, Main Campus 27/02/2019 2724.00 1 RT98 .T498 2012 c.1 023008 11/10/2019 27/09/2019 27/02/2019 General Collection
    Library of Congress Classification   Kabarak, Main Campus Kabarak, Main Campus 27/02/2019 2724.00   RT98 .T498 2012 c.2 023006 27/02/2019   27/02/2019 General Collection
Designed with assistance from East African Informatics Ltd